[Event "Titled Tuesday intern op 20th May Late"]
[Site "Chess.com INT"]
[Date "2025.05.20"]
[Round "1"]
[White "Alfaro Caracas, William"]
[Black "Msellek, Ilyass"]
[Result "0-1"]
[WhiteElo "2077"]
[BlackElo "2406"]
[PlyCount "58"]
[EventDate "2025.05.20"]
[EventType "swiss (blitz)"]
[EventRounds "11"]
[EventCountry "USA"]
[SourceTitle "CB22_2025"]
[SourceDate "2025.05.28"]
[SourceVersion "1"]
[SourceVersionDate "2025.05.28"]
[SourceQuality "1"]

1. d4 d6 2. Nf3 Bf5 3. c4 Nf6 4. Nc3 g6 5. Qb3 b6 6. Nh4 Bd7 7. e4 e5 8. Nf3 Nc6 9. d5 Ne7 10. h3 Bg7 11. Be3 0-0 12. g4 c6 13. Bd3 Kh8 14. Nd2 Nfg8 15. f3 f5 16. 0-0-0 Rb8 17. g5 a6 18. h4 h5 19. gxh6 Bxh6 20. Bg5 b5 21. Rdg1 bxc4 22. Qxc4 cxd5 23. Nxd5 Rc8 24. Nxe7 Rxc4+ 25. Nxc4 Qxe7 26. Ne3 Bxg5 27. hxg5+ Kg7 28. exf5 gxf5 29. Bc2 Rc8 0-1

[Event "Titled Tuesday intern op 01st Apr Early"]
[Site "Chess.com INT"]
[Date "2025.04.01"]
[Round "3"]
[White "Msellek, Ilyass"]
[Black "Hossain, Enamul"]
[Result "0-1"]
[WhiteElo "2406"]
[BlackElo "2348"]
[PlyCount "88"]
[EventDate "2025.04.01"]
[EventType "swiss (blitz)"]
[EventRounds "11"]
[EventCountry "USA"]
[SourceTitle "CB15_2025"]
[SourceDate "2025.04.09"]
[SourceVersion "1"]
[SourceVersionDate "2025.04.09"]
[SourceQuality "1"]

1. d4 Nf6 2. Nf3 e6 3. Bg5 c5 4. c3 d5 5. e3 Nbd7 6. Nbd2 Be7 7. Bd3 h6 8. Bh4 b6 9. 0-0 Bb7 10. Ne5 Nxe5 11. dxe5 Nd7 12. Bxe7 Qxe7 13. f4 0-0-0 14. a4 a6 15. b4 c4 16. Bc2 f6 17. exf6 gxf6 18. Qh5 Kb8 19. e4 Rhg8 20. a5 b5 21. Rae1 Qg7 22. Rf2 f5 23. e5 d4 24. Nf3 dxc3 25. Re3 Qe7 26. Qxh6 Rg7 27. Ng5 Rdg8 28. h4 Nf8 29. h5 Bd5 30. Rh3 Nh7 31. Nxh7 Rxh7 32. Qf6 Qxb4 33. h6 Qc5 34. Kf1 b4 35. Bxf5 exf5 36. Qxf5 Rgh8 37. Qf6 b3 38. Rxc3 Rxh6 39. Qg7 Rh1+ 40. Ke2 b2 41. Rf1 Rxf1 42. Qxh8+ Ka7 43. Qg7+ Bb7 44. Rb3 Qf2# 0-1

[Event "Titled Tuesday intern op 11th Mar Early"]
[Site "Chess.com INT"]
[Date "2025.03.11"]
[Round "3"]
[White "Rakhmatullaev, Almas"]
[Black "Msellek, Ilyass"]
[Result "1-0"]
[WhiteElo "2413"]
[BlackElo "2406"]
[PlyCount "67"]
[EventDate "2025.03.11"]
[EventType "swiss (blitz)"]
[EventRounds "11"]
[EventCountry "USA"]
[SourceTitle "CB12_2025"]
[SourceDate "2025.03.19"]
[SourceVersion "1"]
[SourceVersionDate "2025.03.19"]
[SourceQuality "1"]

1. b3 Nf6 2. Bb2 g6 3. Nf3 Bg7 4. g3 0-0 5. Bg2 d6 6. 0-0 e5 7. d3 c6 8. Nbd2 a5 9. a4 Na6 10. e4 h6 11. h3 Nh7 12. Nh4 Bf6 13. Nhf3 Bg7 14. Nh2 f5 15. exf5 gxf5 16. Nc4 f4 17. d4 exd4 18. Bxd4 d5 19. Bxg7 Kxg7 20. Ne5 Be6 21. Qd4 Qf6 22. Rae1 Nb4 23. Qd2 Rae8 24. c3 Na6 25. Nhg4 Qf5 26. Nf3 Bc8 27. Qd4+ Nf6 28. b4 h5 29. Nge5 axb4 30. cxb4 Kh7 31. h4 Ne4 32. Bh3 Qxh3 33. Rxe4 fxg3 34. Ng5+ 1-0

[Event "Titled Tuesday intern op 04th Feb Early"]
[Site "Chess.com INT"]
[Date "2025.02.04"]
[Round "8"]
[White "Msellek, Ilyass"]
[Black "Grigoriants, Sergey"]
[Result "0-1"]
[WhiteElo "2406"]
[BlackElo "2550"]
[PlyCount "80"]
[EventDate "2025.02.04"]
[EventType "swiss (blitz)"]
[EventRounds "11"]
[EventCountry "USA"]
[SourceTitle "CB07_2025"]
[SourceDate "2025.02.12"]
[SourceVersion "1"]
[SourceVersionDate "2025.02.12"]
[SourceQuality "1"]

1. e4 e6 2. d4 d5 3. Nc3 Nf6 4. e5 Nfd7 5. f4 c5 6. Nf3 Nc6 7. Be3 a6 8. Qd2 b5 9. dxc5 Bxc5 10. Bd3 Qb6 11. Bf2 0-0 12. 0-0 Bb7 13. Rae1 Rac8 14. h4 h6 15. h5 b4 16. Na4 Bxf2+ 17. Rxf2 Qa7 18. f5 exf5 19. Bxf5 Rcd8 20. Kh1 Ne7 21. Bxd7 Rxd7 22. Qd4 Qxd4 23. Nxd4 Rc7 24. Re3 Re8 25. e6 f6 26. Rg3 Rc4 27. Rd2 a5 28. b3 Rxd4 29. Rxd4 Nf5 30. Rgd3 Nxd4 31. Rxd4 Rxe6 32. Nc5 Re1+ 33. Kh2 Bc6 34. Nd3 Re2 35. Nf4 Rxc2 36. Nxd5 Bxd5 37. Rxd5 Rxa2 38. Rb5 Ra3 39. g4 Kf7 40. Rb7+ Ke6 0-1

[Event "Titled Tuesday intern op 10th Sep Late"]
[Site "Chess,com INT"]
[Date "2024.09.10"]
[Round "4"]
[White "Schulz, Karsten"]
[Black "Msellek, Ilyass"]
[Result "1-0"]
[WhiteElo "2166"]
[BlackElo "2406"]
[PlyCount "45"]
[EventDate "2024.09.10"]
[EventType "swiss (blitz)"]
[EventRounds "11"]
[EventCountry "USA"]
[SourceTitle "EXT 2025"]
[Source "ChessBase"]
[SourceDate "2024.10.14"]
[SourceVersion "1"]
[SourceVersionDate "2024.10.14"]
[SourceQuality "1"]

1. Nf3 Nf6 2. c4 g6 3. b3 Bg7 4. Bb2 0-0 5. g3 d6 6. d4 Nbd7 7. Bg2 e5 8. dxe5 Ng4 9. 0-0 Ngxe5 10. Nc3 Nc5 11. Qd2 a5 12. Rad1 Bf5 13. Nxe5 Bxe5 14. Nd5 c6 15. Ne3 Be6 16. f4 Bxb2 17. Qxb2 Qb6 18. Qd4 a4 19. Rb1 axb3 20. axb3 Ra2 21. f5 Bc8 22. Ng4 Na4 23. Nh6# 1-0

[Event "Titled Tuesday intern op 06th Aug Late"]
[Site "Chess.com INT"]
[Date "2024.08.06"]
[Round "2"]
[White "Msellek, Ilyass"]
[Black "Bezerra, Flavio Rodrigo Cost"]
[Result "1-0"]
[WhiteElo "2406"]
[BlackElo "2096"]
[PlyCount "87"]
[EventDate "2024.08.06"]
[EventType "swiss (blitz)"]
[EventRounds "11"]
[EventCountry "USA"]
[SourceTitle "EXT 2025"]
[Source "ChessBase"]
[SourceDate "2024.10.14"]
[SourceVersion "1"]
[SourceVersionDate "2024.10.14"]
[SourceQuality "1"]

1. Nf3 d5 2. g3 Nf6 3. Bg2 Bf5 4. 0-0 e6 5. d3 h6 6. c4 c6 7. cxd5 exd5 8. Nc3 Nbd7 9. Qb3 Nc5 10. Qc2 Be7 11. Be3 0-0 12. Rfe1 Bh7 13. Na4 Nxa4 14. Qxa4 a6 15. Rac1 Qd7 16. Bc5 Bxc5 17. Rxc5 Rfe8 18. Qb4 Re7 19. Nd4 Rae8 20. a4 Bxd3 21. e3 Be4 22. f3 Bg6 23. Kf2 Qd6 24. a5 Nd7 25. Nb3 Nxc5 26. Nxc5 Qe5 27. Re2 d4 28. e4 f5 29. f4 Qd6 30. e5 Qc7 31. e6 Rd8 32. Bf3 Rd6 33. Re5 d3 34. Ke1 d2+ 35. Kd1 Kh7 36. h4 Rd5 37. Bxd5 cxd5 38. Kxd2 Be8 39. Qb6 Qc8 40. Qd6 Qc7 41. Qxc7 Rxc7 42. b4 Kg8 43. Rxf5 Bg6 44. Rxd5 1-0

[Event "Titled Tuesday intern op 25th Jun Late"]
[Site "Chess.com INT"]
[Date "2024.06.25"]
[Round "1"]
[White "Msellek, Ilyass"]
[Black "Reprintsev, Alexander"]
[Result "1-0"]
[WhiteElo "2406"]
[BlackElo "2227"]
[PlyCount "23"]
[EventDate "2024.06.25"]
[EventType "swiss (blitz)"]
[EventRounds "11"]
[EventCountry "USA"]
[SourceTitle "EXT 2025"]
[Source "ChessBase"]
[SourceDate "2024.10.14"]
[SourceVersion "1"]
[SourceVersionDate "2024.10.14"]
[SourceQuality "1"]

1. d4 d5 2. Nf3 Nc6 3. g3 Bf5 4. Bg2 Nb4 5. Na3 e6 6. 0-0 h6 7. c3 Nc6 8. b4 Bd6 9. b5 Nce7 10. c4 Bxa3 11. Bxa3 dxc4 12. Ne5 1-0

[Event "Titled Tuesday intern op 11th Jun Early"]
[Site "Chess.com INT"]
[Date "2024.06.11"]
[Round "1"]
[White "Msellek, Ilyass"]
[Black "Deveci, Huseyin Said"]
[Result "1-0"]
[WhiteElo "2406"]
[BlackElo "2267"]
[PlyCount "49"]
[EventDate "2024.06.11"]
[EventType "swiss (blitz)"]
[EventRounds "11"]
[EventCountry "USA"]
[SourceTitle "EXT 2025"]
[Source "ChessBase"]
[SourceDate "2024.10.14"]
[SourceVersion "1"]
[SourceVersionDate "2024.10.14"]
[SourceQuality "1"]

1. d4 d5 2. Nf3 Nf6 3. e3 c5 4. Bd3 cxd4 5. exd4 Nc6 6. b3 g6 7. Bb2 Bg7 8. Nbd2 0-0 9. 0-0 Bf5 10. Bxf5 gxf5 11. Ne5 e6 12. Re1 Nxe5 13. dxe5 Nd7 14. Nf3 Re8 15. Qd2 Nf8 16. h4 Ng6 17. g3 Qe7 18. h5 Nf8 19. Kh2 h6 20. Rg1 f6 21. g4 fxg4 22. Rxg4 f5 23. Rg2 Kh7 24. Rag1 Bh8 25. Bc1 1-0

[Event "Titled Tuesday intern op 20th Feb Late"]
[Site "Chess.com INT"]
[Date "2024.02.20"]
[Round "4"]
[White "Kovacsy, Barnabas"]
[Black "Msellek, Ilyass"]
[Result "0-1"]
[WhiteElo "2268"]
[BlackElo "2406"]
[PlyCount "156"]
[EventDate "2024.02.20"]
[EventType "swiss (blitz)"]
[EventRounds "11"]
[EventCountry "USA"]
[SourceTitle "EXT 2025"]
[Source "ChessBase"]
[SourceDate "2024.10.14"]
[SourceVersion "1"]
[SourceVersionDate "2024.10.14"]
[SourceQuality "1"]

1. e4 c6 2. d4 d5 3. Nc3 dxe4 4. Nxe4 Nf6 5. Nxf6+ exf6 6. c3 Bd6 7. Bd3 0-0 8. Ne2 Re8 9. 0-0 Nd7 10. Bf4 Nf8 11. Bxd6 Qxd6 12. Ng3 g6 13. Ne4 Qd8 14. Re1 Ne6 15. Bc4 Kg7 16. Bxe6 Bxe6 17. Nc5 b6 18. Nxe6+ Rxe6 19. Qf3 Qd7 20. Rad1 Rae8 21. Rxe6 fxe6 22. b3 Qd5 23. Qxd5 cxd5 24. Kf1 Rc8 25. Rc1 b5 26. Ke2 Kf7 27. f4 h6 28. a3 g5 29. g3 Kg6 30. Kf3 a5 31. b4 axb4 32. axb4 Ra8 33. Re1 Kf7 34. fxg5 hxg5 35. h4 Ra3 36. Re3 gxh4 37. gxh4 Ra1 38. Kg4 Rg1+ 39. Kf4 Rh1 40. Kg4 Rc1 41. Kf4 Rf1+ 42. Kg4 f5+ 43. Kg5 Rg1+ 44. Kf4 Rg4+ 45. Kf3 Rxh4 46. Kg3 Rg4+ 47. Kf3 Kf6 48. Re1 Rh4 49. Kg3 Re4 50. Rh1 Re3+ 51. Kf4 Rxc3 52. Rh6+ Ke7 53. Rh7+ Kd6 54. Rb7 Rc4 55. Rxb5 Rxd4+ 56. Ke3 Re4+ 57. Kd3 Ke5 58. Rb6 f4 59. Rb8 f3 60. Rf8 Rxb4 61. Ke3 Rb3+ 62. Kf2 Ke4 63. Re8 e5 64. Ra8 d4 65. Rh8 Rb2+ 66. Kg3 Rg2+ 67. Kh3 Ke3 68. Rf8 e4 69. Ra8 d3 70. Ra1 Rg8 71. Re1+ Kd4 72. Ra1 d2 73. Ra4+ Ke3 74. Ra3+ Ke2 75. Ra4 e3 76. Ra1 f2 77. Ra2 f1Q+ 78. Kh4 Qh1# 0-1

[Event "Titled Tuesday intern op 20th Feb Late"]
[Site "Chess.com INT"]
[Date "2024.02.20"]
[Round "2"]
[White "Rengifo Blancas, Renzo Jhonathan"]
[Black "Msellek, Ilyass"]
[Result "0-1"]
[WhiteElo "2124"]
[BlackElo "2406"]
[PlyCount "72"]
[EventDate "2024.02.20"]
[EventType "swiss (blitz)"]
[EventRounds "11"]
[EventCountry "USA"]
[SourceTitle "EXT 2025"]
[Source "ChessBase"]
[SourceDate "2024.10.14"]
[SourceVersion "1"]
[SourceVersionDate "2024.10.14"]
[SourceQuality "1"]

1. e4 c6 2. d4 d5 3. Nc3 dxe4 4. Nxe4 Nf6 5. Nxf6+ exf6 6. c3 Bd6 7. Bd3 0-0 8. Qh5 g6 9. Qh4 Re8+ 10. Ne2 f5 11. Bg5 Be7 12. Bxe7 Rxe7 13. 0-0-0 Be6 14. Kb1 Na6 15. Rhe1 Qe8 16. Qf6 Nc7 17. c4 b5 18. b3 bxc4 19. bxc4 Rb8+ 20. Ka1 Na6 21. Nc3 Nb4 22. d5 cxd5 23. cxd5 Qd8 24. dxe6 Qxd3 25. Nb5 Nc2+ 26. Kb2 Rxb5+ 27. Kc1 Qa3+ 28. Kd2 Qb4+ 29. Kxc2 Rc5+ 30. Kd3 Qc4+ 31. Kd2 Rd5+ 32. Ke3 Rxe6+ 33. Qxe6 fxe6 34. Kf3 Rxd1 35. Rxd1 Qg4+ 36. Ke3 Qxd1 0-1

[Event "Titled Tuesday intern op 13th Feb Late"]
[Site "Chess.com INT"]
[Date "2024.02.13"]
[Round "1"]
[White "Doluhanova, Evgeniya"]
[Black "Msellek, Ilyass"]
[Result "0-1"]
[WhiteElo "2263"]
[BlackElo "2406"]
[PlyCount "80"]
[EventDate "2024.02.13"]
[EventType "swiss (blitz)"]
[EventRounds "11"]
[EventCountry "USA"]
[SourceTitle "CBM 218 Extra"]
[Source "ChessBase"]
[SourceDate "2024.03.31"]
[SourceVersion "1"]
[SourceVersionDate "2024.03.31"]
[SourceQuality "1"]

1. Nf3 Nf6 2. g3 g6 3. Bg2 Bg7 4. 0-0 0-0 5. c4 d6 6. Nc3 Nbd7 7. d4 e5 8. dxe5 dxe5 9. Bg5 h6 10. Bxf6 Bxf6 11. Nd5 Bg7 12. Qc2 c6 13. Ne3 Qe7 14. Rfd1 a5 15. Rac1 Nc5 16. Nd2 f5 17. Nb3 Ne6 18. a4 Nc5 19. Nxc5 Qxc5 20. b3 Be6 21. Nf1 e4 22. e3 g5 23. Nd2 h5 24. Bh3 Rae8 25. Nb1 f4 26. Bxe6+ Rxe6 27. Nc3 Qf5 28. Qe2 f3 29. Qf1 h4 30. Rd7 Rh6 31. Rd2 g4 32. c5 Kh8 33. Rd6 Rh7 34. Rd2 Be5 35. Nxe4 Qxe4 36. Rc4 Qf5 37. Rc1 Qg5 38. Rcd1 hxg3 39. fxg3 Qxe3+ 40. Kh1 Bxg3 0-1

[Event "Titled Tuesday intern op 13th Feb Late"]
[Site "Chess.com INT"]
[Date "2024.02.13"]
[Round "7"]
[White "Rees, Ioan"]
[Black "Msellek, Ilyass"]
[Result "0-1"]
[WhiteElo "2266"]
[BlackElo "2406"]
[PlyCount "62"]
[EventDate "2024.02.13"]
[EventType "swiss (blitz)"]
[EventRounds "11"]
[EventCountry "USA"]
[SourceTitle "CBM 218 Extra"]
[Source "ChessBase"]
[SourceDate "2024.03.31"]
[SourceVersion "1"]
[SourceVersionDate "2024.03.31"]
[SourceQuality "1"]

1. Nf3 Nf6 2. d4 g6 3. Nbd2 d5 4. b4 a5 5. b5 Nbd7 6. e3 a4 7. Ba3 Bg7 8. Rc1 Nb6 9. c4 dxc4 10. Nxc4 0-0 11. Nxb6 cxb6 12. Be2 Be6 13. Qd2 Ne4 14. Qb2 Qd7 15. 0-0 Bd5 16. Ne5 Qe6 17. Bg4 f5 18. Bf3 Bxa2 19. Bxe4 fxe4 20. Rc7 Bf6 21. Rxb7 Bd5 22. Nc6 Rae8 23. Rc1 Bh4 24. g3 Qh3 25. Rc7 Be6 26. Bxe7 Bg4 27. Qa2+ Kh8 28. Qc4 Rxf2 29. Kxf2 Qxh2+ 30. Ke1 Bxg3+ 31. Kf1 Bh3# 0-1

[Event "Titled Tuesday intern op 13th Feb Late"]
[Site "Chess.com INT"]
[Date "2024.02.13"]
[Round "8"]
[White "Rustemov, Alexander"]
[Black "Msellek, Ilyass"]
[Result "1-0"]
[WhiteElo "2525"]
[BlackElo "2406"]
[PlyCount "47"]
[EventDate "2024.02.13"]
[EventType "swiss (blitz)"]
[EventRounds "11"]
[EventCountry "USA"]
[SourceTitle "CBM 218 Extra"]
[Source "ChessBase"]
[SourceDate "2024.03.31"]
[SourceVersion "1"]
[SourceVersionDate "2024.03.31"]
[SourceQuality "1"]

1. d4 Nf6 2. c4 g6 3. Nf3 Bg7 4. g3 0-0 5. Bg2 d6 6. Nc3 Nbd7 7. d5 a5 8. 0-0 Nc5 9. Be3 Ng4 10. Bd4 e5 11. dxe6 Bxe6 12. Bxg7 Kxg7 13. b3 Qf6 14. Rc1 Rfe8 15. h3 Ne5 16. Nd4 a4 17. b4 Na6 18. Ne4 Qd8 19. f4 Nd7 20. Qd2 Nb6 21. f5 Bxf5 22. Rxf5 gxf5 23. Nxf5+ Kh8 24. Qh6 1-0

[Event "Titled Tuesday intern op 06th Feb Early"]
[Site "Chess.com INT"]
[Date "2024.02.06"]
[Round "5"]
[White "Kobo, Ori"]
[Black "Msellek, Ilyass"]
[Result "0-1"]
[WhiteElo "2530"]
[BlackElo "2406"]
[PlyCount "52"]
[EventDate "2024.02.06"]
[EventType "swiss (blitz)"]
[EventRounds "11"]
[EventCountry "USA"]
[SourceTitle "CBM 218 Extra"]
[Source "ChessBase"]
[SourceDate "2024.03.31"]
[SourceVersion "1"]
[SourceVersionDate "2024.03.31"]
[SourceQuality "1"]

1. e4 Nf6 2. e5 Nd5 3. d4 d6 4. c4 Nb6 5. f4 dxe5 6. fxe5 c5 7. d5 g6 8. Nc3 Bg7 9. Nf3 0-0 10. Be3 Bg4 11. Qd2 N8d7 12. e6 fxe6 13. Ng5 exd5 14. cxd5 Ne5 15. b3 c4 16. h3 Bf5 17. Ne6 Bxe6 18. dxe6 Nd3+ 19. Bxd3 Qxd3 20. Qxd3 cxd3 21. Kd2 Rac8 22. Rac1 Rc6 23. Bxb6 Rxb6 24. Kxd3 Rd8+ 25. Kc2 Rc6 26. Kb2 Rd2+ 0-1

[Event "Titled Tuesday intern op 06th Feb Early"]
[Site "Chess.com INT"]
[Date "2024.02.06"]
[Round "1"]
[White "Msellek, Ilyass"]
[Black "Garcia Correa, Jose Ricardo"]
[Result "1-0"]
[WhiteElo "2406"]
[BlackElo "2103"]
[PlyCount "81"]
[EventDate "2024.02.06"]
[EventType "swiss (blitz)"]
[EventRounds "11"]
[EventCountry "USA"]
[SourceTitle "CBM 218 Extra"]
[Source "ChessBase"]
[SourceDate "2024.03.31"]
[SourceVersion "1"]
[SourceVersionDate "2024.03.31"]
[SourceQuality "1"]

1. e4 c5 2. c3 e6 3. d4 d5 4. e5 Nc6 5. Nf3 Bd7 6. Bd3 Qb6 7. 0-0 cxd4 8. a3 dxc3 9. Nxc3 Rc8 10. Re1 Nge7 11. h4 h5 12. Ng5 Ng8 13. Be3 d4 14. Na4 Qc7 15. Bf4 a6 16. b4 b5 17. Nc5 Bxc5 18. bxc5 Nge7 19. Qf3 Nd5 20. Bh2 Nd8 21. Rac1 Bc6 22. Be4 Nc3 23. Rxc3 dxc3 24. Bxc6+ Qxc6 25. Ne4 Rc7 26. Qxc3 Qd5 27. Qf3 Rxc5 28. Rd1 Qc6 29. Nxc5 Qxc5 30. Bf4 0-0 31. Bg5 Nc6 32. Qg3 Qxe5 33. Bf4 Qf5 34. Bd6 Re8 35. Qc3 Qe4 36. f3 Qc4 37. Qe3 Ne7 38. Bxe7 Rxe7 39. Rd8+ Kh7 40. Qg5 f6 41. Qxh5# 1-0

[Event "Titled Tuesday intern op 06th Feb Early"]
[Site "Chess.com INT"]
[Date "2024.02.06"]
[Round "6"]
[White "Msellek, Ilyass"]
[Black "Pranav, Anand"]
[Result "0-1"]
[WhiteElo "2406"]
[BlackElo "2519"]
[PlyCount "87"]
[EventDate "2024.02.06"]
[EventType "swiss (blitz)"]
[EventRounds "11"]
[EventCountry "USA"]
[SourceTitle "CBM 218 Extra"]
[Source "ChessBase"]
[SourceDate "2024.03.31"]
[SourceVersion "1"]
[SourceVersionDate "2024.03.31"]
[SourceQuality "1"]

1. e4 c5 2. Nf3 Nc6 3. Bb5 e6 4. Bxc6 bxc6 5. d3 Qc7 6. e5 f6 7. Qe2 Ne7 8. Na3 Ng6 9. Nc4 Ba6 10. exf6 gxf6 11. g3 0-0-0 12. Bd2 Re8 13. Ba5 Qb8 14. 0-0-0 d5 15. Ne3 Bd6 16. h4 h5 17. Kb1 Kb7 18. c4 Ka8 19. Qc2 d4 20. Nf1 e5 21. N1d2 Bc8 22. Ne4 Be7 23. Qa4 Qb7 24. Nfd2 f5 25. Ng5 Bd6 26. Ka1 Re7 27. Rb1 Qa6 28. Qa3 Nf8 29. Rhe1 Nd7 30. f4 Rhe8 31. fxe5 Bxe5 32. Nb3 Bd6 33. Nf7 Rxe1 34. Nxd6 Rxb1+ 35. Kxb1 Re5 36. Qa4 Re3 37. Qa3 Rxd3 38. Nxc5 Rxa3 39. Nxa6 Rxa5 40. Nb4 Bb7 41. Nd3 c5 42. Nxf5 Ra6 43. Ng7 Be4 44. Nxh5 0-1

[Event "Titled Tuesday intern op 30th Jan Late"]
[Site "Chess.com INT"]
[Date "2024.01.30"]
[Round "6"]
[White "Msellek, Ilyass"]
[Black "Goncalves, Samuel Jesus P"]
[Result "0-1"]
[WhiteElo "2406"]
[BlackElo "2219"]
[PlyCount "124"]
[EventDate "2024.01.30"]
[EventType "swiss (blitz)"]
[EventRounds "11"]
[EventCountry "USA"]
[SourceTitle "EXT 2025"]
[Source "ChessBase"]
[SourceDate "2024.10.14"]
[SourceVersion "1"]
[SourceVersionDate "2024.10.14"]
[SourceQuality "1"]

1. d4 g6 2. Nf3 Bg7 3. g3 Nf6 4. Bg2 0-0 5. 0-0 d6 6. c3 c5 7. a4 Nc6 8. d5 Ne5 9. Nxe5 dxe5 10. c4 e6 11. Nc3 exd5 12. cxd5 Ne8 13. e4 Nd6 14. Be3 b6 15. a5 Ba6 16. Re1 Nc4 17. axb6 Nxe3 18. Rxe3 axb6 19. Bf1 Bb7 20. Nb5 Rxa1 21. Qxa1 f5 22. Bc4 f4 23. Rf3 g5 24. Qb1 g4 25. Ra3 Qf6 26. Qe1 Kh8 27. Ra7 Bc8 28. Ra8 Bd7 29. Rxf8+ Bxf8 30. Qd2 h5 31. Nc3 h4 32. gxh4 Qxh4 33. Ne2 b5 34. Qc3 Bd6 35. Nxf4 Qg5 36. Nd3 bxc4 37. Qxc4 Kg7 38. Qa6 Qf6 39. Qb7 Qe7 40. Kg2 Kf6 41. Qb6 Kg5 42. Qa5 Qf6 43. Qd2+ Kh5 44. Ne1 c4 45. Qa5 Qf4 46. Qd8 Qxe4+ 47. Kf1 Bb5 48. Qh8+ Kg5 49. Qg7+ Qg6 50. Qb7 Qe8 51. Qb6 c3+ 52. Kg2 cxb2 53. h4+ gxh3+ 54. Kg3 b1Q 55. Nf3+ Kf5 56. Qxd6 Qe4 57. Nh4+ Qxh4+ 58. Kxh4 Qh8+ 59. Kg3 Qg7+ 60. Kf3 Qg4+ 61. Ke3 Qd4+ 62. Kf3 Qf4# 0-1

[Event "Titled Tuesday intern op 30th Jan Late"]
[Site "Chess.com INT"]
[Date "2024.01.30"]
[Round "4"]
[White "Msellek, Ilyass"]
[Black "So, Wesley"]
[Result "0-1"]
[WhiteElo "2406"]
[BlackElo "2757"]
[PlyCount "56"]
[EventDate "2024.01.30"]
[EventType "swiss (blitz)"]
[EventRounds "11"]
[EventCountry "USA"]
[SourceTitle "EXT 2025"]
[Source "ChessBase"]
[SourceDate "2024.10.14"]
[SourceVersion "1"]
[SourceVersionDate "2024.10.14"]
[SourceQuality "1"]

1. e4 c6 2. d4 d5 3. Nc3 dxe4 4. Nxe4 Nf6 5. Nxf6+ exf6 6. c3 Bd6 7. Bd3 0-0 8. Qc2 h5 9. Ne2 Re8 10. Be3 Nd7 11. 0-0-0 b5 12. g4 hxg4 13. Rdg1 Nf8 14. Ng3 Be6 15. Nf5 g6 16. Rxg4 Bc7 17. Rhg1 Qd5 18. Nh6+ Kh8 19. Rh4 Kg7 20. b3 a5 21. Be4 Qd6 22. Qd2 a4 23. Bf4 Qa3+ 24. Kd1 Bxb3+ 25. axb3 Qa1+ 26. Ke2 Rxe4+ 27. Kf3 Qxg1 28. Bxc7 Rxh4 0-1

[Event "Titled Tuesday intern op 23rd Jan Early"]
[Site "Chess.com INT"]
[Date "2024.01.23"]
[Round "1"]
[White "Bambino Filho, Antonio Carlos"]
[Black "Msellek, Ilyass"]
[Result "1-0"]
[WhiteElo "2166"]
[BlackElo "2406"]
[PlyCount "167"]
[EventDate "2024.01.23"]
[EventType "swiss (blitz)"]
[EventRounds "11"]
[EventCountry "USA"]
[SourceTitle "EXT 2025"]
[Source "ChessBase"]
[SourceDate "2024.10.14"]
[SourceVersion "1"]
[SourceVersionDate "2024.10.14"]
[SourceQuality "1"]

1. d4 Nf6 2. c4 e6 3. Nf3 d5 4. Nc3 Bb4 5. Bg5 h6 6. Bxf6 Qxf6 7. Qa4+ Nc6 8. e3 0-0 9. Be2 dxc4 10. Bxc4 Bd7 11. Qc2 e5 12. dxe5 Nxe5 13. Nxe5 Qxe5 14. 0-0 Bd6 15. g3 Rad8 16. Rfd1 Bf5 17. Bd3 Bh3 18. Bf1 Bxf1 19. Rxf1 h5 20. Qe4 Qf6 21. Rad1 Rfe8 22. Qxb7 h4 23. Ne4 Qf5 24. Nxd6 Rxd6 25. Rxd6 cxd6 26. Rd1 h3 27. Qd5 Qg4 28. Rc1 Re5 29. Qd3 Rf5 30. Rc8+ Kh7 31. Rc4 Qf3 32. Qf1 Rh5 33. Qd3+ g6 34. Qf1 Kg7 35. Rf4 Qd5 36. b3 Qd2 37. Qa1+ Kf8 38. Rd4 Qe2 39. Qf1 Qf3 40. Rxd6 Rc5 41. Rd8+ Kg7 42. Rd1 Rc2 43. Ra1 a5 44. a3 g5 45. b4 axb4 46. axb4 Rb2 47. Rd1 g4 48. Rd4 Rb3 49. Rf4 Qd5 50. Rxg4+ Kf8 51. Qxh3 Rb1+ 52. Qf1 Rxf1+ 53. Kxf1 Qh1+ 54. Ke2 Qxh2 55. Rf4 Qh5+ 56. Ke1 Qb5 57. Kd2 Qa4 58. Ke1 Qa2 59. Kf1 Qc2 60. Kg2 Kg7 61. Kg1 Kg6 62. Kg2 Qc6+ 63. Kg1 f6 64. Kh2 Kg5 65. Kg1 Qc1+ 66. Kh2 Qb2 67. Kg2 f5 68. Kg1 Qb1+ 69. Kg2 Kf6 70. Kh2 Ke6 71. Kg2 Kd6 72. Kh2 Kc6 73. Kg2 Kb5 74. Kh2 Ka4 75. Kg2 Kb3 76. Rd4 Kc3 77. Kf3 Qh1+ 78. Kf4 Qh5 79. f3 Qh6+ 80. Kxf5 Qxe3 81. Rf4 Qd3+ 82. Kg4 Qg6+ 83. Kh4 Qh5+ 84. Kxh5 1-0